000
00291nam a2200121Ia 4500
008
241002s9999 xx 000 0 und d
082
_a
153.12 MAN
100
_a
Mandelstam, Nadezhda
245
0
_a
Hope Against Hope a Memoir
260
_a
London:
_c
1971
600
_a
Philosophy
942
_c
UC
999
_c
18866
_d
18866